Apuntes sobre literatura (Registro nro. 39346)

Detalles MARC
000 -ENCABEZADO
Número de control [NR] 02335nam a2200253Ia 4500
005 - FECHA Y HORA DE LA ÚLTIMA TRANSACCIÓN
control field 20160203155852.0
008 - DE LONGITUD FIJA DE DATOS DE ELEMENTOS - INFORMACIÓN GENERAL
Elementos de longitud fija [NR] 130821s1893 ck gr spa
040 ## - FUENTE DE CATALOGACION [NR]
Agencia de catalogación original [NR] Co-BoUCM
Idioma de catalogación [NR] spa
Quien Cataloga Sandra Yazo
Quien Clasifica Sandra Yazo
041 0# - CODIGO DE IDIOMA [R]
Código de idioma para texto/pista de sonido o título separado [R] Español
082 04 - NUMERO DE CLASIFICACION DECIMAL DEWEY [R]
Número de clasificación [R] 807
Número de la edición [NR] 20
092 ## - SIGNATURA TOPOGRAFICA LOCAL
Número de clasificación local E23N010
110 2# - ASIENTO PRINCIPAL--NOMBRE CORPORATIVO [NR]
Nombre corporativo o de jurisdicción como elemento de entrada [NR] Colegio Maryor de Nestra Señora del Rosario
ID de autoridad 75258
245 13 - MENCION DE TITULO [NR]
Título [NR] Apuntes sobre literatura
Mención de responsabilidad, etc. [NR] Colegio Maryor de Nestra Señora del Rosario
260 ## - PUBLICACION, DISTRIBUCION, ETC. (PIE DE IMPRENTA) [R]
Lugar de publicación, distribución, etc. [R] Bogotá (Colombia)
Nombre del editor, distribuidor, etc. [R] Imprenta de Merdardo Rivas
Fecha de publicación, distribución, etc. [R] 1893
300 ## - DESCRIPCION FISICA [R]
Extensión [R] 233 páginas
Dimensiones [R] 17 x 13 cm
500 ## - NOTA GENERAL [R]
Nota general [NR] Detalles físicos: Encuadernación (holandesa) en rígida en cartón forrado en papel. Lomo en cuero con adornos en dorado. Guardas. Portada impresa a una sola tinta. Texto en una columna, notas al pie de página. Papel manchado. Ej.2 faltan últimas páginas
505 0# - NOTA DE CONTENIDO CON FORMATO PREESTABLECIDO [R]
Nota de contenido con formato preestablecido [NR] Advertencia ; Preliminares ; Parte Primera de lo bello: De lo bello en sí mismo ; Objetividad de la belleza ; La variedad, elemento de lo bello ; La integridad de lo bello ; La proporción, elemento de la belleza ; La unidad elemento de lo bello ; El resplandor de la forma ; Facultad estética ; De los sentidos externos ; La imaginación o fantasía ; Entretenimiento ; El sentimiento estético ; De las diferentes especies de belleza: la naturaleza ; La belleza espiritual ; Concepto de lo sublime ; La fealdad ; Objeto del arte: El arte docente ; El arte por el arte ; El mal, objeto del arte ; El realismo en el arte ; Los clásicos y su imitación - Parte segunda de la poesía: Su noción y su división ; División de la poesía ; La poesía y la ciencia ; La razón y la poesía ; Creación poética ; Forma exterior de la poesía ; De la epopeya ; Falsa noción de la epopeya ; Doctrina hegeliana ; Estad social propicio a la epopeya ; Poema expresión de un pueblo ; Acción épica ; Acción del poema ; Episodios ; Personajes ; Héroe del poema ; Personajes ; De lo maravilloso ; Narración y estilo ; Poemas primitivos ; Poemas literarios ; Poemas heroi-cómico ; Poema épico-lírico-dramático ; El poema cristiano ; De la poesía lírica
506 ## - NOTA DE RESTRICCIONES DE ACCESO [R]
Condiciones de acceso [NR] Consulta en sala
650 #7 - ASIENTO SECUNDARIO DE MATERIA - TERMINO TEMATICO [R]
Término temático o nombre geográfico como elemento de entrada [NR] Arte y literatura
9 (RLIN) 9527
650 #7 - ASIENTO SECUNDARIO DE MATERIA - TERMINO TEMATICO [R]
Término temático o nombre geográfico como elemento de entrada [NR] Literatura
9 (RLIN) 18599
Subdivisión general [R] Libros de texto
650 #7 - ASIENTO SECUNDARIO DE MATERIA - TERMINO TEMATICO [R]
Término temático o nombre geográfico como elemento de entrada [NR] Enseñanza
9 (RLIN) 7573
Subdivisión general [R] Literatura
690 ## - ASUNTO AGREGADO LOCAL DE ENTRADA - TÉRMINO TEMÁTICO (OCLC, RLIN)
9 (RLIN) 42859
Acceso temático local Literatura
942 ## - ELEMENTOS DE ENTRADA AGREGADOS (KOHA)
Tipo de ítem principal el descrito en 300a Libro
Tema principal 18
Edición 1
Sistema de clasificación LOCAL
Clasificación E23N010
Existencias
Suprimido Perdido Sistema de clasificación Dañado No prestable Tipo de ítem específico Ubicación habitual Ubicación actual Localización Fecha de creación Forma de adquisición Costo Total préstamos Signatura topográfica Código de barras Última vez visto Ejemplar Price effective from Tipo de ítem
    LOCAL     Libro archivo Archivo Histórico Archivo Histórico Archivo histórico 28/02/2014 Donación 0.00   E23N010 L003325 15/12/2012 Ej.1 03/02/2013 Libro
    LOCAL     Libro archivo Archivo Histórico Archivo Histórico Archivo histórico 04/02/2016 Donación 0.00   E23N010 L005330 04/02/2016 Ej.2 04/02/2016 Libro